[Event "RSA-ch U10"]
[Site "Waterkloof"]
[Date "2015.04.06"]
[Round "3"]
[White "Jacobs, Duan"]
[Black "Mphasha, Ngoako"]
[Result "1-0"]
[WhiteElo "1029"]
[BlackElo "999"]
[PlyCount "48"]
[EventDate "2015.04.04"]
[EventType "swiss"]
[EventRounds "9"]
[EventCountry "RSA"]
[SourceTitle "CBM 166 Extra"]
[Source "ChessBase"]
[SourceDate "2015.06.18"]
[SourceVersion "1"]
[SourceVersionDate "2015.06.18"]
[SourceQuality "1"]

1. Nf3 d6 2. g3 e5 3. Bg2 Be6 4. 0-0 a6 5. d3 h6 6. Nc3 Nf6 7. d4 e4 8. Nd2 d5 9. Nb3 Nc6 10. Nc5 b6 11. Nxe6 fxe6 12. Bf4 Be7 13. Bh3 Qc8 14. e3 Qd7 15. b3 Bd6 16. Bxd6 Qxd6 17. Ne2 0-0-0 18. Nf4 Rhe8 19. Qe2 Kb7 20. Rab1 g5 21. Ng2 h5 22. Ne1 h4 23. g4 e5 24. dxe5 Qxe5 1-0